Desarrollo nacional e integración
Guardado en:
| Autor principal: | |
|---|---|
| Formato: | Texto |
| Publicado: |
San Pedro de M. de O.:
UCR. IICE
|
| Etiquetas: |
Agregar Etiqueta
Sin Etiquetas, Sea el primero en etiquetar este registro!
|
MARC
| LEADER | 00000 a a2200000 04500 | ||
|---|---|---|---|
| 001 | 17894 | ||
| 003 | |||
| 040 | |||
| 090 | |a 005700 | ||
| 100 | |a González Vega, Claudio | ||
| 245 | |a Desarrollo nacional e integración | ||
| 260 | |a San Pedro de M. de O.: |b UCR. IICE | ||
| 300 | |a 19 p. | ||
| 999 | |c 13028 |d 13028 | ||
